Internationales Marketing Management

Guardado en:
Detalles Bibliográficos
Autor principal: Roemer, Ellen
Formato: Libro
Lenguaje:alemán
Publicado: Stuttgart Schäffer-Poeschel Verlag 2014
Materias:
Etiquetas: Agregar Etiqueta
Sin Etiquetas, Sea el primero en etiquetar este registro!

MARC

LEADER 00000nam a2200000 4500
001 0184793
005 20230109114601.4
020 |a 978-3-7910-3309-9 
041 0 |a ger 
044 |a DE 
245 1 0 |a Internationales Marketing Management  |c Ellen Roemer 
264 1 |a Stuttgart  |b Schäffer-Poeschel Verlag  |c 2014 
300 |a 374 s. 
610 2 0 |a marketing manažment 
610 2 0 |a obchod medzinárodný 
610 2 0 |a marketing medzinárodný 
610 2 0 |a internacionalizácia 
610 2 0 |a modely 
610 2 0 |a správanie spotrebiteľa 
610 2 0 |a kultúra 
610 2 0 |a výskum trhu 
610 2 0 |a stratégia marketingová 
610 2 0 |a marketing mix 
610 2 0 |a zákazníci 
610 2 0 |a riadenie 
610 2 0 |a kontroling 
610 2 0 |a štruktúra organizačná 
100 1 |a Roemer, Ellen